[Event "POL-chT 2nd League"]
[Site "Jastrzebia Gora"]
[Date "2023.09.08"]
[Round "7.50"]
[White "Sidorczuk, Pawel"]
[Black "Tomczak, Rafal"]
[Result "0-1"]
[WhiteElo "2123"]
[BlackElo "2319"]
[PlyCount "56"]
[EventDate "2023.09.02"]
[EventType "team-swiss"]
[EventRounds "9"]
[EventCountry "POL"]
[SourceTitle "EXT 2024"]
[Source "ChessBase"]
[SourceDate "2023.10.10"]
[SourceVersion "1"]
[SourceVersionDate "2023.10.10"]
[SourceQuality "1"]
[WhiteTeam "Warszawa Czternastka"]
[BlackTeam "Zakrzewo Korona"]
[WhiteTeamCountry "POL"]
[BlackTeamCountry "POL"]

1. e4 c5 2. Nf3 d6 3. d4 cxd4 4. Nxd4 Nf6 5. Nc3 a6 6. Bg5 e6 7. f4 h6 8. Bh4 Be7 9. Qf3 Qc7 10. 0-0-0 Nbd7 11. Bd3 b5 12. Nxe6 fxe6 13. e5 Bb7 14. Bg6+ Kf8 15. Qh3 dxe5 16. Rhe1 Qc4 17. Bxf6 Nxf6 18. fxe5 b4 19. exf6 gxf6 20. Rd4 Bxg2 21. Qg4 Bf3 22. Qf4 Qc5 23. Kb1 bxc3 24. Rxe6 Qg5 25. Qxf3 Rb8 26. Qxc3 Qxg6 27. Rxe7 Rh7 28. Rxh7 Qg1+ 0-1

[Event "BL2-Nord 2122"]
[Site "Germany"]
[Date "2022.06.18"]
[Round "7.2"]
[White "Tomczak, Rafal"]
[Black "Meins, Gerlef"]
[Result "1/2-1/2"]
[WhiteElo "2310"]
[BlackElo "2417"]
[PlyCount "33"]
[EventDate "2022.03.05"]
[EventType "team-tourn"]
[EventRounds "10"]
[EventCountry "GER"]
[SourceTitle "EXT 2023"]
[Source "ChessBase"]
[SourceDate "2022.10.05"]
[SourceVersion "1"]
[SourceVersionDate "2022.10.05"]
[SourceQuality "1"]
[WhiteTeam "Berlin Rotation"]
[BlackTeam "Werder Bremen II"]
[WhiteTeamCountry "GER"]
[BlackTeamCountry "GER"]

1. e4 c5 2. Nf3 Nc6 3. d4 cxd4 4. Nxd4 Nf6 5. Nc3 d6 6. Be2 e5 7. Nb3 Be7 8. 0-0 0-0 9. Kh1 Be6 10. f4 exf4 11. Bxf4 d5 12. exd5 Nxd5 13. Nxd5 Qxd5 14. Bf3 Qc4 15. Be2 Qd5 16. Bf3 Qc4 17. Be2 1/2-1/2

[Event "POL-chT 2nd League"]
[Site "Jastrzebia Gora"]
[Date "2019.09.14"]
[Round "8.12"]
[White "Niekras, Dawid"]
[Black "Tomczak, Rafal"]
[Result "1-0"]
[WhiteElo "2296"]
[BlackElo "2320"]
[PlyCount "53"]
[EventDate "2019.09.07"]
[EventType "team-swiss"]
[EventRounds "9"]
[EventCountry "POL"]
[SourceTitle "EXT 2020"]
[Source "ChessBase"]
[SourceDate "2019.10.17"]
[SourceVersion "1"]
[SourceVersionDate "2019.10.17"]
[SourceQuality "1"]
[WhiteTeam "Lipno Steszew"]
[BlackTeam "Zakrzewo Korona"]
[WhiteTeamCountry "POL"]
[BlackTeamCountry "POL"]

1. e4 c5 2. Nf3 d6 3. d4 cxd4 4. Nxd4 Nf6 5. Nc3 a6 6. Bg5 e6 7. f4 Be7 8. Qf3 Qc7 9. 0-0-0 Nbd7 10. g4 h6 11. Bxf6 gxf6 12. f5 Ne5 13. Qh3 b5 14. Nce2 Bb7 15. fxe6 Bxe4 16. exf7+ Kxf7 17. Bg2 Qb7 18. Qh5+ Kf8 19. Bxe4 Qxe4 20. Ne6+ Kg8 21. N2d4 Rc8 22. Kb1 Qg6 23. Qh3 Kf7 24. Qg2 Nxg4 25. Rhe1 Qh5 26. Nf4 Qg5 27. Rxe7+ 1-0

[Event "POL-chT 2nd League"]
[Site "Jastrzebia Gora"]
[Date "2018.09.07"]
[Round "8.7"]
[White "Pazderski, Ziemowit"]
[Black "Tomczak, Rafal"]
[Result "1/2-1/2"]
[WhiteElo "2239"]
[BlackElo "2361"]
[PlyCount "70"]
[EventDate "2018.09.01"]
[EventType "team-swiss"]
[EventRounds "9"]
[EventCountry "POL"]
[SourceTitle "CBM 186 Extra"]
[Source "ChessBase"]
[SourceDate "2018.08.24"]
[SourceVersion "1"]
[SourceVersionDate "2018.08.24"]
[SourceQuality "1"]
[WhiteTeam "Zielonka Zieloni"]
[BlackTeam "Ostroda Ostrodzianka"]
[WhiteTeamCountry "POL"]
[BlackTeamCountry "POL"]

1. d4 d5 2. Nf3 Nf6 3. c4 c6 4. Nc3 e6 5. Bg5 Be7 6. e3 Nbd7 7. Be2 h6 8. Bh4 0-0 9. 0-0 b6 10. a3 Bb7 11. b4 dxc4 12. Bxc4 c5 13. bxc5 bxc5 14. Rb1 Bxf3 15. Qxf3 cxd4 16. exd4 Nb6 17. Bd3 Qxd4 18. Bxf6 Qxf6 19. Qxf6 Bxf6 20. Nb5 Nd5 21. Be4 Rfc8 22. Rfd1 a6 23. Bxd5 exd5 24. Nd6 Rc5 25. Rb7 Ra5 26. Rd3 d4 27. g3 Rd8 28. Ne4 Be5 29. Ra7 f5 30. Nd2 Bf6 31. Kg2 Rc8 32. Rb3 Rc6 33. Rd7 Rb5 34. Rxb5 axb5 35. Rd5 Rc2 1/2-1/2

[Event "Bundesliga 1415"]
[Site "Germany"]
[Date "2014.12.07"]
[Round "6.5"]
[White "Siebrecht, Sebastian"]
[Black "Tomczak, Rafal"]
[Result "1-0"]
[WhiteElo "2463"]
[BlackElo "2374"]
[PlyCount "99"]
[EventDate "2014.10.18"]
[EventType "team-tourn"]
[EventRounds "15"]
[EventCountry "GER"]
[SourceTitle "CBM 164"]
[Source "ChessBase"]
[SourceDate "2015.01.15"]
[SourceVersion "1"]
[SourceVersionDate "2015.01.15"]
[SourceQuality "1"]
[WhiteTeam "Katernberg"]
[BlackTeam "Rostock"]
[WhiteTeamCountry "GER"]
[BlackTeamCountry "GER"]

1. d4 d5 2. c4 e6 3. Nc3 Nf6 4. Bg5 Be7 5. e3 c6 6. Bd3 Nbd7 7. Nf3 0-0 8. 0-0 dxc4 9. Bxc4 c5 10. Qe2 a6 11. a4 Nd5 12. Bxe7 Nxc3 13. Bxd8 Nxe2+ 14. Bxe2 Rxd8 15. Rfd1 cxd4 16. Rxd4 Kf8 17. Ne5 Ke7 18. Rad1 f6 19. Nc4 Rf8 20. Nd6 Ne5 21. f4 Nc6 22. Nxc8+ Rfxc8 23. Rd7+ Kf8 24. Rxb7 Na5 25. Rb6 Nc4 26. Rxe6 Kf7 27. Re4 Nxb2 28. Rd7+ Kg6 29. Ree7 Rg8 30. Rd5 Rgd8 31. Rh5 h6 32. Ra5 Rd6 33. Bf3 Rf8 34. Bh5+ Kh7 35. Rc5 f5 36. Rcc7 Rg8 37. Bf7 Rf8 38. Be6 Kg6 39. Rxg7+ Kf6 40. Bb3 Rd3 41. Rh7 Kg6 42. Rcg7+ Kf6 43. Rb7 Kg6 44. Rhe7 Rd6 45. a5 Nd3 46. Rg7+ Kf6 47. Rh7 Kg6 48. Rbg7+ Kf6 49. h4 h5 50. Rg5 1-0

[Event "BL2-Nord 1314"]
[Site "Germany"]
[Date "2013.11.24"]
[Round "3.5"]
[White "Tomczak, Rafal"]
[Black "Brettschneider, Stefan"]
[Result "1-0"]
[WhiteElo "2367"]
[BlackElo "2276"]
[PlyCount "115"]
[EventDate "2013.10.13"]
[EventType "team-tourn"]
[EventRounds "9"]
[EventCountry "GER"]
[SourceTitle "EXT 2015"]
[Source "ChessBase"]
[SourceDate "2014.11.20"]
[SourceVersion "1"]
[SourceVersionDate "2014.11.20"]
[SourceQuality "1"]
[WhiteTeam "Rostock"]
[BlackTeam "Berlin SF II"]
[WhiteTeamCountry "GER"]
[BlackTeamCountry "GER"]

1. e4 d6 2. d4 g6 3. c3 Bg7 4. f4 Nf6 5. Bd3 c5 6. dxc5 dxc5 7. e5 Nd5 8. Be4 Nb6 9. Qf3 Qc7 10. a4 0-0 11. Ne2 Nc6 12. Nd2 Na5 13. 0-0 c4 14. Nd4 a6 15. Bc2 Nd7 16. Ne4 Nc5 17. Be3 Nxe4 18. Bxe4 Rb8 19. Rfd1 Rd8 20. Qf2 Bd7 21. Nc2 b6 22. Nb4 Bc8 23. Nd5 Rxd5 24. Rxd5 Be6 25. Bxb6 Rxb6 26. Rxa5 Qd8 27. Qd4 Rd6 28. Qe3 Qxa5 29. exd6 exd6 30. Bb7 d5 31. Qa7 Qc7 32. Qxa6 h5 33. Qb5 d4 34. cxd4 Bxd4+ 35. Kh1 Qxf4 36. a5 h4 37. a6 Qf2 38. Bf3 h3 39. Qb8+ Kh7 40. a7 Bxa7 41. Qxa7 Qxb2 42. Qa3 hxg2+ 43. Bxg2 Qd2 44. Qc1 Qd4 45. Qd1 Qe5 46. Qe1 Qd4 47. Rd1 Qg4 48. h3 Qf4 49. Qc3 Qg5 50. Qd4 Qg3 51. Qf6 Bxh3 52. Qxf7+ Kh6 53. Qf8+ Kh7 54. Qf3 Bxg2+ 55. Qxg2 Qb3 56. Qh2+ Kg8 57. Rd8+ Kf7 58. Qf4+ 1-0

[Event "BL2-Nord 1314"]
[Site "Germany"]
[Date "2013.11.10"]
[Round "2.4"]
[White "Tomczak, Rafal"]
[Black "Petrosian, Suren"]
[Result "1/2-1/2"]
[WhiteElo "2367"]
[BlackElo "2373"]
[PlyCount "80"]
[EventDate "2013.10.13"]
[EventType "team-tourn"]
[EventRounds "9"]
[EventCountry "GER"]
[SourceTitle "EXT 2015"]
[Source "ChessBase"]
[SourceDate "2014.11.20"]
[SourceVersion "1"]
[SourceVersionDate "2014.11.20"]
[SourceQuality "1"]
[WhiteTeam "Rostock"]
[BlackTeam "Norderstedt"]
[WhiteTeamCountry "GER"]
[BlackTeamCountry "GER"]

1. e4 c5 2. Nf3 g6 3. c3 Bg7 4. Be2 Nf6 5. e5 Nd5 6. 0-0 Nc6 7. d4 cxd4 8. cxd4 d6 9. Bc4 Nb6 10. Bxf7+ Kxf7 11. e6+ Kg8 12. d5 Nb4 13. Nc3 Qf8 14. a3 Bxc3 15. axb4 Bg7 16. Qb3 Qf5 17. Rd1 Nxd5 18. Rxd5 Bxe6 19. Rxf5 Bxb3 20. Rb5 b6 21. Rxb6 Bd5 22. Rba6 Bxf3 23. gxf3 Kf7 24. b5 Rab8 25. R1a5 Bd4 26. Be3 Bxe3 27. fxe3 Rhc8 28. Rxa7 Rc2 29. b3 Rb2 30. Ra4 d5 31. Rf4+ Ke6 32. Ra6+ Kd7 33. Rb4 Rc8 34. Ra1 Rc3 35. Rd1 e6 36. e4 Rcxb3 37. Rxb3 Rxb3 38. exd5 e5 39. Ra1 Kd6 40. Ra7 Rxb5 1/2-1/2

[Event "BL2-Nord 1213"]
[Site "Germany"]
[Date "2012.12.09"]
[Round "4.6"]
[White "Tomczak, Rafal"]
[Black "Warnecke, Tobias"]
[Result "1-0"]
[WhiteElo "2370"]
[BlackElo "2091"]
[PlyCount "53"]
[EventDate "2012.10.14"]
[EventType "team-tourn"]
[EventRounds "9"]
[EventCountry "GER"]
[SourceTitle "CBM 154 Extra"]
[Source "ChessBase"]
[SourceDate "2013.06.25"]
[SourceVersion "2"]
[SourceVersionDate "2013.06.25"]
[SourceQuality "1"]
[WhiteTeam "Rostock SSC 07"]
[BlackTeam "Kassel"]
[WhiteTeamCountry "GER"]
[BlackTeamCountry "GER"]

1. e4 c5 2. Nf3 Nc6 3. d4 cxd4 4. Nxd4 g6 5. Nc3 Bg7 6. Be3 Nf6 7. Be2 0-0 8. 0-0 d6 9. Kh1 Bd7 10. f3 Rc8 11. Qd2 Ne5 12. Nd5 Bc6 13. Nxf6+ Bxf6 14. f4 Bxe4 15. fxe5 dxe5 16. Nf3 Rxc2 17. Qe1 Rxb2 18. Bh6 Re8 19. Bc4 Bxf3 20. Rxf3 Qd4 21. Rc1 Qg4 22. Qf1 Qh4 23. Be3 Qg4 24. Rg3 Qe4 25. Rd1 Rf8 26. Bh6 Bg7 27. Qxf7+ 1-0

[Event "BL2-Nord 1213"]
[Site "Germany"]
[Date "2012.11.25"]
[Round "3.5"]
[White "Tomczak, Rafal"]
[Black "Von Herman, Ulf"]
[Result "1-0"]
[WhiteElo "2370"]
[BlackElo "2416"]
[PlyCount "63"]
[EventDate "2012.10.14"]
[EventType "team-tourn"]
[EventRounds "9"]
[EventCountry "GER"]
[SourceTitle "CBM 154 Extra"]
[Source "ChessBase"]
[SourceDate "2013.06.25"]
[SourceVersion "2"]
[SourceVersionDate "2013.06.25"]
[SourceQuality "1"]
[WhiteTeam "Rostock SSC 07"]
[BlackTeam "Berlin Koenig Tegel"]
[WhiteTeamCountry "GER"]
[BlackTeamCountry "GER"]

1. e4 c6 2. d4 d5 3. Nc3 dxe4 4. Nxe4 Nd7 5. Nf3 Ngf6 6. Bd3 Nxe4 7. Bxe4 Nf6 8. Bd3 Bg4 9. c3 e6 10. h3 Bh5 11. Bg5 Be7 12. Qb3 Bxf3 13. gxf3 Nd5 14. Bd2 b5 15. Rg1 g6 16. Be4 0-0 17. Bh6 Re8 18. 0-0-0 Qc7 19. Kb1 Rad8 20. Rde1 Bf6 21. f4 Ne7 22. Re3 c5 23. d5 exd5 24. Bxd5 Rxd5 25. Qxd5 Rd8 26. Qe4 Qd7 27. Rge1 b4 28. cxb4 cxb4 29. f5 a5 30. R3e2 Qa4 31. Rd2 Rc8 32. Qb7 1-0

[Event "POL-chT"]
[Site "Warsaw"]
[Date "2012.09.28"]
[Round "7.2"]
[White "Tomczak, Rafal"]
[Black "Kuzmicz, Krystian"]
[Result "0-1"]
[WhiteElo "2370"]
[BlackElo "2471"]
[PlyCount "118"]
[EventDate "2012.05.04"]
[EventType "team-tourn"]
[EventRounds "9"]
[EventCountry "POL"]
[SourceTitle "EXT 2013"]
[Source "ChessBase"]
[SourceDate "2012.11.22"]
[SourceVersion "1"]
[SourceVersionDate "2012.11.22"]
[SourceQuality "1"]
[WhiteTeam "Ostroda"]
[BlackTeam "Pultusk Nadnarwianka"]
[WhiteTeamCountry "POL"]
[BlackTeamCountry "POL"]

1. e4 d6 2. d4 Nf6 3. Bd3 e5 4. c3 Nc6 5. Ne2 g6 6. 0-0 Bg7 7. f4 0-0 8. Nd2 Bg4 9. d5 Ne7 10. fxe5 dxe5 11. Nc4 c6 12. Nxe5 Qc7 13. Bf4 Qb6+ 14. Kh1 cxd5 15. Bg5 Bxe2 16. Qxe2 dxe4 17. Bxe4 Nxe4 18. Qxe4 Qe6 19. Rae1 Nf5 20. Nc4 Qd7 21. Qf3 Qb5 22. b3 h5 23. Rd1 Qa6 24. Rf2 Rac8 25. Bf4 b5 26. Ne5 Rfe8 27. Qd5 Qe6 28. Qxe6 Rxe6 29. Nf3 Bxc3 30. h3 Re4 31. Ng5 Rd4 32. Rxd4 Bxd4 33. Re2 f6 34. Ne6 g5 35. Nxd4 Nxd4 36. Rd2 Nxb3 37. axb3 gxf4 38. Ra2 Rc7 39. Ra5 Rb7 40. Kg1 Kf7 41. Kf2 Ke6 42. Ke2 Kd5 43. Kd3 f5 44. h4 Kc5 45. Kc3 Kb6 46. Ra2 Rg7 47. Kd4 Rg4 48. Ke5 Rxh4 49. Kxf5 Rg4 50. b4 Rg3 51. Rf2 a6 52. Ke5 Rg5+ 53. Ke4 Rg4 54. Kd5 a5 55. bxa5+ Kxa5 56. Kc5 Ka4 57. Rb2 Rg5+ 58. Kd4 Ka3 59. Rf2 b4 0-1

[Event "POL-chT"]
[Site "Warsaw"]
[Date "2012.09.16"]
[Round "6.4"]
[White "Tomczak, Rafal"]
[Black "Bartel, Mateusz"]
[Result "0-1"]
[WhiteElo "2370"]
[BlackElo "2677"]
[PlyCount "88"]
[EventDate "2012.05.04"]
[EventType "team-tourn"]
[EventRounds "9"]
[EventCountry "POL"]
[SourceTitle "EXT 2013"]
[Source "ChessBase"]
[SourceDate "2012.11.22"]
[SourceVersion "1"]
[SourceVersionDate "2012.11.22"]
[SourceQuality "1"]
[WhiteTeam "Ostroda"]
[BlackTeam "Wroclaw Polonia"]
[WhiteTeamCountry "POL"]
[BlackTeamCountry "POL"]

1. e4 g6 2. d4 Bg7 3. c3 d5 4. Nd2 Nf6 5. Bd3 0-0 6. Ngf3 c5 7. 0-0 cxd4 8. Nxd4 e5 9. N4f3 dxe4 10. Nxe4 Nxe4 11. Bxe4 Qc7 12. Qb3 Nd7 13. Be3 Nf6 14. Bc2 Be6 15. Qa3 e4 16. Nd4 Bc4 17. Rfe1 Rfe8 18. Bb3 Bd3 19. Ne2 Bf8 20. Qa4 Ng4 21. Bf4 Bd6 22. Bxd6 Qxd6 23. Ng3 Qf4 24. Qd4 Red8 25. Bd5 Rxd5 26. Qxd5 Qxf2+ 27. Kh1 Ne3 28. Rxe3 Qxe3 29. Qxb7 Rf8 30. Qd5 h5 31. Qd4 Qxd4 32. cxd4 Rd8 33. Kg1 Rxd4 34. Kf2 Rc4 35. Ke3 Rc2 36. Nxe4 Bxe4 37. Kxe4 Rxg2 38. b4 Rg4+ 39. Ke5 Rxb4 40. Kf6 Re4 41. Rc1 Re6+ 42. Kg5 Kg7 43. Rc7 Ra6 44. Rc2 Ra4 0-1

[Event "BL2-Nord 1112"]
[Site "Germany"]
[Date "2011.11.20"]
[Round "3.5"]
[White "Tomczak, Rafal"]
[Black "Guth, Thomas"]
[Result "1-0"]
[WhiteElo "2347"]
[BlackElo "2296"]
[PlyCount "95"]
[EventDate "2011.10.02"]
[EventType "team-tourn"]
[EventRounds "9"]
[EventCountry "GER"]
[SourceTitle "EXT 2015"]
[Source "ChessBase"]
[SourceDate "2014.11.20"]
[SourceVersion "1"]
[SourceVersionDate "2014.11.20"]
[SourceQuality "1"]
[WhiteTeam "Rostock"]
[BlackTeam "Pankow Rotation"]
[WhiteTeamCountry "GER"]
[BlackTeamCountry "GER"]

1. e4 e6 2. d4 d5 3. Nc3 Bb4 4. exd5 exd5 5. Bd3 Nf6 6. Nge2 0-0 7. 0-0 b6 8. Bg5 Bb7 9. Ng3 h6 10. Bh4 Bxc3 11. bxc3 g6 12. Qd2 Kg7 13. f4 Nbd7 14. f5 c5 15. Bb5 Qc7 16. Bxd7 Nxd7 17. Be7 Rfe8 18. f6+ Kh7 19. Rf3 Ba6 20. Rf4 Rg8 21. Re1 Rae8 22. Qf2 cxd4 23. cxd4 Rc8 24. Rh4 Qxc2 25. Rxh6+ Kxh6 26. Qf4+ g5 27. Qg4 Be2 28. Qxd7 Qd3 29. Nxe2 Qe3+ 30. Kf1 Rc2 31. Qxd5 Kg6 32. Qb3 Qe4 33. Qf3 Qxf3+ 34. gxf3 Rd2 35. Kf2 Rc8 36. Ke3 Rxa2 37. d5 Ra5 38. Rd1 Rc7 39. Rd3 Rd7 40. Ke4 b5 41. Nd4 Ra4 42. d6 Rc4 43. Kd5 Rc8 44. Nc6 Kf5 45. Ne5 Rb7 46. d7 Rxd7+ 47. Nxd7 a5 48. Ne5 1-0

[Event "BL2-Nord 1112"]
[Site "Germany"]
[Date "2011.10.23"]
[Round "2.5"]
[White "Schulz, Karsten"]
[Black "Tomczak, Rafal"]
[Result "1/2-1/2"]
[WhiteElo "2310"]
[BlackElo "2347"]
[PlyCount "80"]
[EventDate "2011.10.02"]
[EventType "team-tourn"]
[EventRounds "9"]
[EventCountry "GER"]
[SourceTitle "EXT 2015"]
[Source "ChessBase"]
[SourceDate "2014.11.20"]
[SourceVersion "1"]
[SourceVersionDate "2014.11.20"]
[SourceQuality "1"]
[WhiteTeam "Neukloster"]
[BlackTeam "Rostock"]
[WhiteTeamCountry "GER"]
[BlackTeamCountry "GER"]

1. Nf3 d5 2. g3 g6 3. Bg2 Bg7 4. d4 c6 5. 0-0 Nf6 6. Nbd2 0-0 7. c4 Nbd7 8. b3 Ne4 9. Bb2 Ndf6 10. e3 Qa5 11. a3 Bf5 12. Rc1 Rac8 13. b4 Qd8 14. Qb3 Qd7 15. Nxe4 Nxe4 16. cxd5 cxd5 17. Rxc8 Rxc8 18. Rc1 Rxc1+ 19. Bxc1 Qc6 20. Qb2 Qa4 21. h3 Qd1+ 22. Kh2 Nxf2 23. Qxf2 Qxc1 24. g4 Be6 25. Qg3 Qxe3 26. Qb8+ Bf8 27. Qxa7 h5 28. Qxb7 hxg4 29. hxg4 Qxa3 30. Kg3 Bg7 31. Qb8+ Kh7 32. Kh2 Qe3 33. Kg3 Bxd4 34. Qf4 Qf2+ 35. Kh2 Be3 36. Ng5+ Kg7 37. Qe5+ Kg8 38. Qb8+ Kg7 39. Qe5+ Kg8 40. Qb8+ Kg7 1/2-1/2

[Event "Rostock SSC 07 op 10th"]
[Site "Rostock"]
[Date "2011.08.06"]
[Round "5"]
[White "Tomczak, Rafal"]
[Black "Helms, Sven"]
[Result "1/2-1/2"]
[WhiteElo "2388"]
[BlackElo "2050"]
[PlyCount "88"]
[EventDate "2011.08.03"]
[EventType "swiss"]
[EventRounds "7"]
[EventCountry "GER"]
[SourceTitle "EXT 2017"]
[Source "ChessBase"]
[SourceDate "2016.10.25"]
[SourceVersion "1"]
[SourceVersionDate "2016.10.25"]
[SourceQuality "1"]

1. e4 e6 2. d4 d5 3. Nc3 Nf6 4. Bg5 Bb4 5. exd5 Qxd5 6. Bxf6 Bxc3+ 7. bxc3 gxf6 8. Qd3 Bd7 9. Be2 Bc6 10. Bf3 Qd6 11. Ne2 Nd7 12. Rb1 0-0-0 13. 0-0 Bxf3 14. Qxf3 c6 15. c4 f5 16. Rb3 Nf6 17. Rfb1 Rd7 18. a4 Ne4 19. Rd3 Rg8 20. a5 a6 21. Rb6 Rg4 22. Qe3 Rg7 23. f3 Nf6 24. Nf4 Qe7 25. Rdb3 Rc7 26. Nd3 Nd7 27. R6b4 f6 28. f4 c5 29. dxc5 Nxc5 30. Rb1 Qd6 31. Rb6 Qe7 32. Re1 Ne4 33. Qd4 Rd7 34. Qb2 Nc5 35. Qb4 Nxd3 36. cxd3 Qxb4 37. Rxb4 Rxd3 38. Rxe6 Rd1+ 39. Kf2 Rd2+ 40. Kf3 Rgxg2 41. Rxf6 Rgf2+ 42. Kg3 Rg2+ 43. Kf3 Rgf2+ 44. Ke3 Rfe2+ 1/2-1/2

[Event "Rostock SSC 07 op 10th"]
[Site "Rostock"]
[Date "2011.08.04"]
[Round "3"]
[White "Tomczak, Rafal"]
[Black "Boudkeev, Timour"]
[Result "1-0"]
[WhiteElo "2388"]
[BlackElo "1830"]
[PlyCount "57"]
[EventDate "2011.08.03"]
[EventType "swiss"]
[EventRounds "7"]
[EventCountry "GER"]
[SourceTitle "EXT 2017"]
[Source "ChessBase"]
[SourceDate "2016.10.25"]
[SourceVersion "1"]
[SourceVersionDate "2016.10.25"]
[SourceQuality "1"]

1. e4 c6 2. d4 d5 3. Nc3 dxe4 4. Nxe4 Bf5 5. Ng3 Bg6 6. f4 e6 7. Nf3 h6 8. Ne5 Bh7 9. Bc4 Nf6 10. Qe2 Nd5 11. f5 Bb4+ 12. c3 Nxc3 13. bxc3 Bxc3+ 14. Bd2 Bxa1 15. Nxf7 Qe7 16. Nxh8 Bxd4 17. Bxe6 Nd7 18. Qh5+ Kd8 19. Nf7+ Kc7 20. Bf4+ Kb6 21. Bd6 Qe8 22. Qd1 Bc3+ 23. Kf2 a5 24. Qb3+ Bb4 25. a3 Nc5 26. Bxc5+ Kxc5 27. axb4+ axb4 28. Rc1+ Kb6 29. Qxb4+ 1-0

[Event "Oberliga Nord N 0910"]
[Site "Germany"]
[Date "2010.04.11"]
[Round "9.4"]
[White "Tomczak, Rafal"]
[Black "Korba, Roman"]
[Result "1-0"]
[WhiteElo "2345"]
[BlackElo "2238"]
[PlyCount "75"]
[EventDate "2009.10.18"]
[EventType "team-tourn"]
[EventRounds "9"]
[EventCountry "GER"]
[SourceTitle "EXT 2011"]
[Source "ChessBase"]
[SourceDate "2010.11.26"]
[SourceVersion "1"]
[SourceVersionDate "2010.11.26"]
[SourceQuality "1"]
[WhiteTeam "Rostock"]
[BlackTeam "Hamburg Diogenes"]
[WhiteTeamCountry "GER"]
[BlackTeamCountry "GER"]

1. e4 g6 2. d4 Bg7 3. c3 d6 4. f4 d5 5. Nd2 dxe4 6. Nxe4 Nf6 7. Bd3 0-0 8. Nf3 Nbd7 9. Nxf6+ Nxf6 10. Ne5 Qd6 11. Qe2 Nd5 12. Be4 c5 13. Qc4 Nf6 14. dxc5 Qc7 15. Bf3 Be6 16. Qb5 Nd5 17. 0-0 a6 18. Qe2 Qxc5+ 19. Kh1 Rac8 20. c4 Nb4 21. a3 Nc6 22. Be3 Qa5 23. Nxc6 bxc6 24. b4 Qa4 25. Rab1 Qxa3 26. Bc5 Rfd8 27. Be4 a5 28. Bb6 Rd7 29. bxa5 c5 30. f5 gxf5 31. Bxf5 Bxf5 32. Rxf5 Rc6 33. Rbf1 Re6 34. Qh5 Rf6 35. Rxf6 exf6 36. Re1 Re7 37. Rd1 Qd3 38. Bxc5 1-0

[Event "POL-chT 1st League"]
[Site "Ustron"]
[Date "2009.09.18"]
[Round "7"]
[White "Kaim, Piotr"]
[Black "Tomczak, Rafal"]
[Result "0-1"]
[WhiteElo "2242"]
[BlackElo "2345"]
[PlyCount "102"]
[EventDate "2009.09.12"]
[EventType "team-swiss"]
[EventRounds "9"]
[EventCountry "POL"]
[SourceTitle "CBM 132 Extra"]
[Source "ChessBase"]
[SourceDate "2009.11.03"]
[SourceVersion "1"]
[SourceVersionDate "2009.11.03"]
[SourceQuality "1"]
[WhiteTeam "Warszawa YMCA"]
[BlackTeam "Ostroda Ostrodzianka"]
[WhiteTeamCountry "POL"]
[BlackTeamCountry "POL"]

1. e4 c5 2. Nf3 d6 3. d4 cxd4 4. Nxd4 Nf6 5. Nc3 a6 6. Bc4 e6 7. 0-0 Be7 8. Bb3 Nc6 9. f4 Qc7 10. Be3 0-0 11. Qf3 Bd7 12. Kh1 b5 13. a3 Nxd4 14. Bxd4 Bc6 15. f5 e5 16. Bf2 Qb7 17. Rfe1 a5 18. Rad1 b4 19. axb4 axb4 20. Nd5 Nxd5 21. Bxd5 Rfc8 22. Bb3 Ra5 23. Qh5 d5 24. Rd3 Bf6 25. Rh3 h6 26. Bh4 Qe7 27. Bxf6 Qxf6 28. Rg3 Kf8 29. Rd3 d4 30. c3 bxc3 31. bxc3 Bb5 32. Rg3 Rxc3 33. Rxc3 dxc3 34. h3 Ra7 35. Qf3 Rc7 36. Rc1 Qc6 37. Bd5 Qc5 38. f6 g6 39. Bb3 Qb4 40. Qd1 Qd4 41. Qe1 Kg8 42. Rd1 Qb6 43. Qh4 Kh7 44. Kh2 c2 45. Rc1 Bd3 46. Qg3 Qxb3 47. Qxe5 Rc8 48. Qe7 Qe6 49. Qb7 Bxe4 50. Qb2 Qd6+ 51. Kg1 Qg3 0-1

[Event "POL-chT 1st League"]
[Site "Ustron"]
[Date "2009.09.17"]
[Round "6"]
[White "Tomczak, Rafal"]
[Black "Walkusz, Witoslaw"]
[Result "1-0"]
[WhiteElo "2345"]
[BlackElo "2126"]
[PlyCount "93"]
[EventDate "2009.09.12"]
[EventType "team-swiss"]
[EventRounds "9"]
[EventCountry "POL"]
[SourceTitle "CBM 132 Extra"]
[Source "ChessBase"]
[SourceDate "2009.11.03"]
[SourceVersion "1"]
[SourceVersionDate "2009.11.03"]
[SourceQuality "1"]
[WhiteTeam "Ostroda Ostrodzianka"]
[BlackTeam "Gdynia Korsarz"]
[WhiteTeamCountry "POL"]
[BlackTeamCountry "POL"]

1. e4 e5 2. Nf3 Nc6 3. Bb5 a6 4. Bxc6 dxc6 5. 0-0 Qd6 6. d4 exd4 7. e5 Qg6 8. Nxd4 Bg4 9. f3 Bh3 10. Qe2 Bc5 11. Be3 Rd8 12. c3 Ne7 13. Kh1 Bxd4 14. Bxd4 Bf5 15. Qf2 0-0 16. Nd2 b6 17. b4 Bd3 18. Rfe1 Nf5 19. Nb3 Rfe8 20. Qb2 Rd5 21. a4 Nxd4 22. cxd4 Bc2 23. Nc1 f6 24. Ra2 Bb1 25. Ra3 fxe5 26. Rae3 Red8 27. dxe5 Rd2 28. Qb3+ Kf8 29. Ne2 Bc2 30. Qc4 Bd3 31. Qf4+ Ke8 32. Ng3 Qe6 33. Qg5 g6 34. h4 Bc4 35. Ne4 Rd1 36. Nf6+ Kf7 37. Qh6 Rxe1+ 38. Rxe1 Rh8 39. Ne4 Qe7 40. Qf4+ Kg7 41. Nf6 Bb3 42. Qg5 Bxa4 43. Re4 Bb3 44. Rf4 Bf7 45. Nh5+ Kf8 46. e6 Qxe6 47. Qd8+ 1-0

[Event "POL-chT 1st League"]
[Site "Ustron"]
[Date "2009.09.13"]
[Round "2"]
[White "Luch, Michal"]
[Black "Tomczak, Rafal"]
[Result "1-0"]
[WhiteElo "2400"]
[BlackElo "2345"]
[PlyCount "79"]
[EventDate "2009.09.12"]
[EventType "team-swiss"]
[EventRounds "9"]
[EventCountry "POL"]
[SourceTitle "CBM 132 Extra"]
[Source "ChessBase"]
[SourceDate "2009.11.03"]
[SourceVersion "1"]
[SourceVersionDate "2009.11.03"]
[SourceQuality "1"]
[WhiteTeam "Wroclaw AZS WSB"]
[BlackTeam "Ostroda Ostrodzianka"]
[WhiteTeamCountry "POL"]
[BlackTeamCountry "POL"]

1. e4 c5 2. Nf3 d6 3. d4 cxd4 4. Nxd4 Nf6 5. Nc3 a6 6. Bg5 e6 7. f4 Be7 8. Qf3 Qc7 9. 0-0-0 Nbd7 10. g4 h6 11. Bxf6 Bxf6 12. h4 Qb6 13. Nb3 g5 14. e5 dxe5 15. Ne4 Be7 16. hxg5 exf4 17. Rxh6 Rg8 18. Qxf4 Nf8 19. Kb1 Bd7 20. Nbd2 Bb5 21. Nf6+ Bxf6 22. Rxf6 0-0-0 23. Rxf7 Ng6 24. Qb4 Qd4 25. Qxd4 Rxd4 26. Bxb5 axb5 27. c3 Rd5 28. Kc2 Ne5 29. Rf4 Rgd8 30. Rd4 Rxd4 31. cxd4 Rxd4 32. Re1 Nc6 33. Ne4 Ne7 34. Nf6 Rd6 35. Rh1 Rc6+ 36. Kd2 Ng6 37. Rh6 Ne7 38. g6 Rd6+ 39. Ke2 e5 40. Rh8+ 1-0